000 01077nam a22002777a 4500
005 20200104041628.0
008 140529s2013 ck a gr 00010 spa d
020 _a9789587616118
041 _aspa
044 _ack
082 0 4 _a584.5
_bC83
245 0 0 _aCosechar sin destruir :
_baprovechamiento sostenible de palmas colombianas /
_cKatherinne Benavides Cortés, Rodrigo Bernal, Luisa Fernanda Casas ...(et al)
260 _aBogotá
_bcolciencias
_bUniversidad Nacional de Colombia. Facultad de Ciencias,
_c2013.
300 _a241 p.
_bil.
_c28 cm.
504 _aIncluye referencias bibliográficas (p. 217-234) e índice.
650 4 _aPalmas
_x Cultivo.
_926347
650 6 _aArtesanías con fibras vegetales.
_926348
650 4 _aDesarrollo sostenible.
_9278
650 4 _aPalmas
_x Distribución geográfica.
_926350
700 1 _aBenavides-Cortés, Katherine.
_926351
700 1 _aBernal, Rodrigo.
_92255
700 1 _aCasas-Caro, Luisa Fernanda.
_924467
700 1 _aGaleano, Gloria.
_9443
700 1 _aGamba-Trimiño, Catherine.
_926352
942 _2ddc
_cLIBRO
999 _c8658
_d8658